000 00489nam a2200205Ia 4500
008 240510s9999 xx 000 0 und d
020 _a0000471315028
041 _aEng
082 _a004.36
082 _bE28
100 _aEDWARDS J.:
245 0 _a3-TIER CLIENT/SERVER AT WORK
250 _aRevised ed.
260 _bNEW YORK : JOHN WILEY
260 _c1999
300 _a305 p.
650 _aCLIENT/SERVER COMPUTING : DISTRIBUTED PROCESSING
942 _2ddc
942 _cRBK
999 _c25453
_d25453
945 _a1
_bMadushi Gamage
_c1
_dMadushi Gamage